| 000 | 00536nam a2200193 a 4500 | ||
|---|---|---|---|
| 005 | 20240613063645.0 | ||
| 008 | 991125s1975 par 000 0 fre u | ||
| 020 | _a204009766X | ||
| 035 | _aUPN01000010089 | ||
| 049 | _aCG | ||
| 050 | 4 |
_aLB1025 _bL25.2 |
|
| 100 | 1 | _aLabin, Eduard | |
| 245 | 1 | 0 |
_aComprende la pédagogie / _cpar Edouard Labin. |
| 260 |
_aParis : _bBordas, _c1975. |
||
| 300 | _a300 p. | ||
| 440 | 0 |
_aBordas-initiation. Sciences de l'homme ; _v1 |
|
| 650 | 4 |
_aEducación _xEstudio y enseñanza _91553 |
|
| 905 | _aLibro | ||
| 999 |
_c10089 _d10089 |
||